Measuring empowerment : (Record no. 1485)
[ view plain ]
| 000 -LEADER | |
|---|---|
| fixed length control field | 02925nam a2200289 a 4500 |
| 005 - DATE AND TIME OF LATEST TRANSACTION | |
| control field | 20260112063238.0 |
| 010 ## - LIBRARY OF CONGRESS CONTROL NUMBER | |
| LC control number | 2006-285051 |
| 020 ## - INTERNATIONAL STANDARD BOOK NUMBER | |
| International Standard Book Number | 0195684168 |
| 020 ## - INTERNATIONAL STANDARD BOOK NUMBER | |
| International Standard Book Number | 9780195684162 |
| 039 ## - LEVEL OF BIBLIOGRAPHIC CONTROL AND CODING DETAIL [OBSOLETE] | |
| Level of rules in bibliographic description | 200908110549 |
| Level of effort used to assign nonsubject heading access points | staff |
| -- | 200908110547 |
| -- | staff |
| 050 ## - LIBRARY OF CONGRESS CALL NUMBER | |
| Classification number | 307.14086942091724 |
| Item number | NAR |
| 082 ## - DEWEY DECIMAL CLASSIFICATION NUMBER | |
| Classification number | 307.14086942091724 |
| Item number | NAR |
| 245 ## - TITLE STATEMENT | |
| Title | Measuring empowerment : |
| Remainder of title | cross-disciplinary perspectives / |
| Statement of responsibility, etc. | Deepa Narayan, editor. |
| 260 ## - PUBLICATION, DISTRIBUTION, ETC. | |
| Place of publication, distribution, etc. | New Delhi ; |
| -- | New York : |
| Name of publisher, distributor, etc. | Oxford University Press ; |
| Place of publication, distribution, etc. | Washington, D.C. : |
| Name of publisher, distributor, etc. | World Bank, |
| Date of publication, distribution, etc. | 2006, c2005. |
| 300 ## - PHYSICAL DESCRIPTION | |
| Extent | xx, 475 p. : |
| Other physical details | ill. ; |
| Dimensions | 23 cm. |
| 500 ## - GENERAL NOTE | |
| General note | Originally published: Washington : World Bank, 2005. |
| 504 ## - BIBLIOGRAPHY, ETC. NOTE | |
| Bibliography, etc. note | Includes bibliographical references and index. |
| 505 ## - FORMATTED CONTENTS NOTE | |
| Formatted contents note | Conceptual framework and methodological challenges / Deepa Narayan -- Evaluating empowerment : a framework with cases from Latin America / Patti Petesch, Catalina Smulovitz, and Michael Walton -- Women's empowerment as a variable in international development / Anju Malhotra and Sidney Ruth Schuler -- Measuring women's empowerment : learning from Cross-National Research / Karen Oppenheim Mason -- gender, power, and empowerment : an analysis of household and family dynamics / Joy Deshmukh-Ranadive -- Psychological empowerment and subjective well-being / Ed Diener and Robert Biswas-Diener -- Subjective well-being and objective measures : insecurity and inequality in emerging markets / Carol Graham and Stefano Pettinato -- Self-rated power and welfare in Russia / Michael Lokshin and Martin Ravallion -- Applying Q methodology to empowerment / Steven R. Brown -- Analytical issues in measuring empowerment at the community and local levels / Norman Uphoff -- Peace, conflict, and empowerment : the Colombian case / Caroline Moser -- Measuring empowerment at the community level : an economist's perspective / Asim Ijaz Khwaja -- Mixing qualitative and econometric methods : community-level applications / Vijayendra Rao and Michael Woolcock -- Assessing empowerment at the national level in Eastern Europe and Central Asia / Christiaan Grootaert -- The CIVICUS civil society index / Carmen Malena and Volkhart Finn Heinrich -- Empowerment as a positive-sum game / Stephen Knack -- Democracy and poverty / Ashutosh Varshney -- Empowering the poor : what does democracy have to do with it? / Larry Diamond -- Measuring democratic governance : central tasks and basic problems / Gerardo L. Munck. |
| 650 ## - SUBJECT ADDED ENTRY--TOPICAL TERM | |
| Topical term or geographic name entry element | Community development |
| Geographic subdivision | Developing countries. |
| 650 ## - SUBJECT ADDED ENTRY--TOPICAL TERM | |
| Topical term or geographic name entry element | Poverty |
| Geographic subdivision | Developing countries. |
| 700 ## - ADDED ENTRY--PERSONAL NAME | |
| Personal name | Narayan-Parker, Deepa. |
| 856 ## - ELECTRONIC LOCATION AND ACCESS | |
| -- | able of contents only |
| Uniform Resource Identifier | <a href=" http://www.loc.gov/catdir/toc/fy0706/2006285051.html"> http://www.loc.gov/catdir/toc/fy0706/2006285051.html</a> |
| 856 ## - ELECTRONIC LOCATION AND ACCESS | |
| -- | ublisher description |
| Uniform Resource Identifier | <a href=" http://www.loc.gov/catdir/enhancements/fy0723/2006285051-d.html"> http://www.loc.gov/catdir/enhancements/fy0723/2006285051-d.html</a> |
| 991 ## - | |
| -- | VIRTUA40 |
| 991 ## - | |
| -- | VTLSSORT0080*0100*0200*0201*0500*0820*2450*2600*3000*5000*5040*5050*6500*6501*7000*8560*8561*9991 |
| 909 ## - | |
| -- | 1504 |
| Withdrawn status | Lost status | Damaged status | Not for loan | Home library | Current library | Date acquired | Total checkouts | Full call number | Barcode | Copy number | Koha item type |
|---|---|---|---|---|---|---|---|---|---|---|---|
| Indian Institute Of Management, Shillong | Indian Institute Of Management, Shillong | 11/08/2009 | 307.14086942091724 NAR | 0006760 | Reference |